Privilegios Reales y viejos documentos de Cuenca / (Record no. 122549)

MARC details
000 -LEADER
campo de control de longitud fija 00524nam a2200157 4500
001 - NÚMERO DE CONTROL
campo de control 122549
003 - IDENTIFICADOR DE NÚMERO DE CONTROL
campo de control ES-MaACL
005 - FECHA Y HORA DE LA ÚLTIMA TRANSACCIÓN
campo de control 20230906192011.0
007 - CAMPO FIJO DE DESCRIPCIÓN FÍSICA--INFORMACIÓN GENERAL
campo de control de longitud fija t|
008 - DATOS DE LONGITUD FIJA--INFORMACIÓN GENERAL
campo de control de longitud fija 070214s1972 sp r ||||1| spa d
245 00 - MENCIÓN DEL TÍTULO
Título Privilegios Reales y viejos documentos de Cuenca /
Mención de responsabilidad, etc. transcripción y traducción por Margarita Vázquez de Parga de Nájera.
260 ## - PUBLICACIÓN, DISTRIBUCIÓN, ETC.
Lugar de publicación, distribución, etc. Madrid :
Nombre del editor, distribuidor, etc. Joyas Bibliográficas,
Fecha de publicación, distribución, etc. 1972.
300 ## - DESCRIPCIÓN FÍSICA
Extensión 56 f. ;
Dimensiones 36 cm.
700 1# - ENTRADA AGREGADA--NOMBRE PERSONAL
Nombre de persona Vázquez de Parga, Margarita.
9 (RLIN) 113423
852 ## - LOCALIZACIÓN
Ubicación ES-MaACL
Número de control de estantería E-6223
Sublocalización o colección R.89644
Holdings
Estatus retirado Estado de pérdida Estado de daño No para préstamo Biblioteca de origen Biblioteca actual Ubicación en estantería Fecha de adquisición Fuente de adquisición Total de préstamos Signatura topográfica completa Código de barras Visto por última vez Precio de reemplazo Tipo de ítem Koha
        Biblioteca del Ateneo de Madrid Biblioteca del Ateneo de Madrid Depósito 2 17/01/2008     E-6223 1127699 23/02/2023 23/02/2023 Libro impreso